Alba Emoting. Bases Científicas del Emocionar.
Αποθηκεύτηκε σε:
| Κύριος συγγραφέας: | |
|---|---|
| Μορφή: | Βιβλίο |
| Γλώσσα: | Αγγλικά |
| Έκδοση: |
Santiago, Chile:
Universidad de Santiago de Chile,
2002.
|
| Έκδοση: | Primera edición. |
| Θέματα: | |
| Ετικέτες: |
Προσθήκη ετικέτας
Δεν υπάρχουν, Καταχωρήστε ετικέτα πρώτοι!
|
MARC
| LEADER | 00000nam a22000007a 4500 | ||
|---|---|---|---|
| 003 | CL-VaPUC | ||
| 005 | 20221017085941.0 | ||
| 008 | 220929t2002 ||||| |||| 00| 0 eng d | ||
| 999 | |c 439018 |d 439016 | ||
| 020 | |a 9789567069750 | ||
| 040 | |c Pontificia Universidad Católica de Valparaíso | ||
| 082 | 0 | 4 | |a 152.4 BLO 2002 |2 21 |
| 100 | 0 | |a Bloch Arendt, Susana |e autora |9 590160 | |
| 245 | |a Alba Emoting. |b Bases Científicas del Emocionar. | ||
| 250 | |a Primera edición. | ||
| 260 | |a Santiago, Chile: |b Universidad de Santiago de Chile, |c 2002. | ||
| 300 | |a 206 páginas. | ||
| 500 | |a c.1 Donación Sr.Ricardo Niedmann Femenias (alumno Ped.Física) MEM-CUR 29-9-2022. | ||
| 583 | |a last modification |c 20161201 17:35:00 |k Cristina María Rojas Aguilar | ||
| 650 | 0 | |a Emociones |9 265224 |x Aspectos fisiológicos | |
| 650 | 0 | |a Emociones y cognición |9 877255 | |
| 942 | |c BK |2 ddc | ||
| 952 | |0 0 |1 0 |2 ddc |4 0 |6 152_400000000000000_BLO_2002 |7 0 |8 A |9 586964 |a BIBCUR |b BIBCUR |c CULT |d 2022-09-29 |e Donación |i 5654825 |o 152.4 BLO 2002 |p 5654825 |r 2025-04-22 |t 1 |w 2022-09-29 |y BK |k CAC | ||